000 00206nam a22000857a 4500
008 170111b xxu||||| |||| 00| 0 eng d
100 _92340
_aCBSE
245 _aNatural Hazards-XI
260 _aNew Delhi
_bCBSE
_c2006
999 _c5277
_d5277